000 00792nam a2200205Ia 4500
999 _c39236
_d39236
001 5822
003 GE_BSU
005 20190619194634.0
008 181216s||||||||xx |||||||||||||| ||und||
040 _cGE_BSU
041 _ageo
080 _a681.51 + 681.518.54 ლ-86
100 _aლოსაბერიძე, ა.
_91068
245 _aდიდი სისტემები I ნაწილი :
_bდამხმ. სახელმძღვ. /
_cა. ლოსაბერიძე ; რედ. მ. ძიძიგური
264 _aთბილისი :
_bსპი.
_c1982.
300 _a88 გვ. ;
_c20 სმ.
653 _aდიდი სისტემები
700 _aძიძიგური, მ.
_eრედაქტორი
_9472
942 _cBK
_2udc